| 000 | 00450nam a22001457a 4500 | ||
|---|---|---|---|
| 005 | 20240314112722.0 | ||
| 008 | 240314b ||||| |||| 00| 0 eng d | ||
| 040 | _cAL | ||
| 041 | _aeng | ||
| 082 |
_223 _a690.8 _bAPAR |
||
| 100 |
_aAjay George John _9154224 |
||
| 245 |
_aApartment Industry in Cochin: _bWith Reference to Builders Apartment Owners and Housing Finance Companies |
||
| 260 |
_aMangalore _bSt Aloysius College _c1995 |
||
| 942 |
_2ddc _cPRO |
||
| 999 |
_c230309 _d230309 |
||